<?xml version="1.0" encoding="UTF-8"?>
<record
    xmlns:xsi="http://www.w3.org/2001/XMLSchema-instance"
    xsi:schemaLocation="http://www.loc.gov/MARC21/slim http://www.loc.gov/standards/marcxml/schema/MARC21slim.xsd"
    xmlns="http://www.loc.gov/MARC21/slim">

  <leader>01064    a2200205   4500</leader>
  <controlfield tag="008">090312t        xxu||||| |||| 00| 0 hin d</controlfield>
  <datafield tag="010" ind1=" " ind2=" ">
    <subfield code="a">BPPD-H612</subfield>
  </datafield>
  <datafield tag="020" ind1=" " ind2=" ">
    <subfield code="a">9788123749129</subfield>
    <subfield code="c">35.00</subfield>
  </datafield>
  <datafield tag="035" ind1=" " ind2=" ">
    <subfield code="a">B-317870</subfield>
  </datafield>
  <datafield tag="082" ind1=" " ind2=" ">
    <subfield code="a">921</subfield>
  </datafield>
  <datafield tag="100" ind1=" " ind2=" ">
    <subfield code="a">&#x91A;&#x92E;&#x928; &#x932;&#x93E;&#x932;</subfield>
  </datafield>
  <datafield tag="245" ind1=" " ind2=" ">
    <subfield code="a">&#x917;&#x926;&#x930; &#x92A;&#x93E;&#x930;&#x94D;&#x91F;&#x940; &#x928;&#x93E;&#x92F;&#x915; &#x915;&#x930;&#x94D;&#x924;&#x93E;&#x930; &#x938;&#x93F;&#x902;&#x939; &#x938;&#x930;&#x93E;&#x92D;&#x93E; /</subfield>
    <subfield code="c">&#x91A;&#x92E;&#x928; &#x932;&#x93E;&#x932;</subfield>
  </datafield>
  <datafield tag="260" ind1=" " ind2=" ">
    <subfield code="a">&#x928;&#x908; &#x926;&#x93F;&#x932;&#x94D;&#x932;&#x940;</subfield>
    <subfield code="b">&#x928;&#x947;&#x936;&#x928;&#x932; &#x92C;&#x941;&#x915; &#x91F;&#x94D;&#x930;&#x938;&#x94D;&#x91F;</subfield>
    <subfield code="c">2007</subfield>
  </datafield>
  <datafield tag="270" ind1=" " ind2=" ">
    <subfield code="a">&#x90F;-5, &#x917;&#x94D;&#x930;&#x940;&#x928; &#x92A;&#x93E;&#x930;&#x94D;&#x915;</subfield>
    <subfield code="b">&#x928;&#x908; &#x926;&#x93F;&#x932;&#x94D;&#x932;&#x940;</subfield>
    <subfield code="e">110016</subfield>
  </datafield>
  <datafield tag="300" ind1=" " ind2=" ">
    <subfield code="a">93&#x92A;&#x943;</subfield>
    <subfield code="b">&#x938;&#x91A;&#x93F;&#x924;&#x94D;&#x930;</subfield>
    <subfield code="c">22 &#x938;&#x947;&#x92E;&#x940; (&#x905;&#x91C;&#x93F;&#x932;&#x94D;&#x926;)</subfield>
  </datafield>
  <datafield tag="490" ind1=" " ind2=" ">
    <subfield code="a">&#x930;&#x93E;&#x937;&#x94D;&#x91F;&#x94D;&#x930;&#x940;&#x92F; &#x91C;&#x940;&#x935;&#x928;&#x91A;&#x930;&#x93F;&#x924;</subfield>
  </datafield>
  <datafield tag="942" ind1=" " ind2=" ">
    <subfield code="a">dpl</subfield>
    <subfield code="c">HN</subfield>
    <subfield code="k"> /</subfield>
    <subfield code="2">ddc</subfield>
    <subfield code="h">921</subfield>
    <subfield code="m">&#x91A;&#x92E;&#x928;</subfield>
  </datafield>
  <datafield tag="999" ind1=" " ind2=" ">
    <subfield code="c">12651</subfield>
    <subfield code="d">12651</subfield>
  </datafield>
  <datafield tag="952" ind1=" " ind2=" ">
    <subfield code="0">0</subfield>
    <subfield code="1">0</subfield>
    <subfield code="2">ddc</subfield>
    <subfield code="4">0</subfield>
    <subfield code="7">0</subfield>
    <subfield code="a">AG</subfield>
    <subfield code="b">AG</subfield>
    <subfield code="d">2008-07-23</subfield>
    <subfield code="l">0</subfield>
    <subfield code="o">921 &#x91A;&#x92E;&#x928;</subfield>
    <subfield code="p">bh612</subfield>
    <subfield code="r">2008-09-15 00:00:00</subfield>
    <subfield code="u">13991</subfield>
    <subfield code="w">2008-09-15</subfield>
    <subfield code="y">HN</subfield>
  </datafield>
  <datafield tag="952" ind1=" " ind2=" ">
    <subfield code="0">0</subfield>
    <subfield code="1">0</subfield>
    <subfield code="2">ddc</subfield>
    <subfield code="4">0</subfield>
    <subfield code="7">0</subfield>
    <subfield code="8">NFIC</subfield>
    <subfield code="a">VP</subfield>
    <subfield code="b">VP</subfield>
    <subfield code="d">2009-03-12</subfield>
    <subfield code="e">dbad / dup</subfield>
    <subfield code="g">35.00</subfield>
    <subfield code="l">0</subfield>
    <subfield code="o">921 &#x91A;&#x92E;&#x928;</subfield>
    <subfield code="p">B-317870</subfield>
    <subfield code="r">2009-03-12 00:00:00</subfield>
    <subfield code="t">1</subfield>
    <subfield code="v">35.00</subfield>
    <subfield code="w">2009-03-12</subfield>
    <subfield code="y">HN</subfield>
  </datafield>
</record>
